The autobiograpohy of Clarence E. Macartney: (Record no. 14277)

000 -LEADER
fixed length control field 00744nam a2200193 a 4500
001 - CONTROL NUMBER
control field :::00012106$&:&@@
003 - CONTROL NUMBER IDENTIFIER
control field OkBaRHE
005 - DATE AND TIME OF LATEST TRANSACTION
control field 20000607103416.0
008 - FIXED-LENGTH DATA ELEMENTS--GENERAL INFORMATION
fixed length control field s1961 j 000 0 eng u
040 ## - CATALOGING SOURCE
Transcribing agency
100 1# - MAIN ENTRY--PERSONAL NAME
Personal name Macartney, Clarence Edward Noble, 1879-1957.
245 14 - TITLE STATEMENT
Title The autobiograpohy of Clarence E. Macartney:
Remainder of title the making of a minister.
260 ## - PUBLICATION, DISTRIBUTION, ETC. (IMPRINT)
Place of publication, distribution, etc Great Neck, NY., :
Name of publisher, distributor, etc Channel Press, Inc.
Date of publication, distribution, etc c1961
300 ## - PHYSICAL DESCRIPTION
Extent 224 p. ;
Dimensions 21 cm.
650 ## - SUBJECT ADDED ENTRY--TOPICAL TERM
Topical term or geographic name as entry element Macartney, Clarence Edward Noble, 1879-1957.
942 ## - ADDED ENTRY ELEMENTS (KOHA)
Source of classification or shelving scheme
Koha item type Books
Copies
Date acquired Damaged status Koha item type Source of classification or shelving scheme Copy number Permanent Location Lost status Barcode Shelving location Full call number Date last seen Withdrawn status Not for loan Price effective from
2010-04-14 Books 1RHEMA Bible Training College 12106General StacksBX 9225 .M232010-04-14  2010-04-14
2010-04-14 Books 2RHEMA Bible Training College 20440General StacksBX 9225 .M232010-04-14  2010-04-14